| 000 | 01079cam a2200361 a 4500 | ||
|---|---|---|---|
| 001 | 702176 | ||
| 003 | OSt | ||
| 005 | 20160623113229.0 | ||
| 008 | 960716s1996 nyu c 000 1 eng d | ||
| 010 | _a 96200768 | ||
| 020 |
_a0590931040 : _c$3.99 |
||
| 035 | _a(OCoLC)35089473 | ||
| 040 |
_aIArlh _cIArlh _dDLC |
||
| 042 |
_alccopycat _alcac |
||
| 050 | 0 | 0 |
_aPZ 7 _b.Ed26 1996 |
| 082 | 0 | 0 |
_aKF _bEd9k 1996 |
| 100 | 1 |
_aEdwards, Nicholas, _d1961- _94753 |
|
| 245 | 1 | 0 |
_aKazaam / _cNicholas Edwards. |
| 260 |
_aNew York : _bScholastic Inc., _cc1996. |
||
| 300 |
_a150 p. : _c19 cm. _bill. (some col.) ; |
||
| 562 | _e2 | ||
| 650 | 1 |
_aMagic _xFiction. _94754 |
|
| 650 | 1 |
_aWishes _xFiction. _94755 |
|
| 650 | 1 |
_aDivorce _xFiction. _94756 |
|
| 650 | 1 |
_aCity and town life _xFiction. _94757 |
|
| 700 | 1 |
_aGlaser, Paul Michael. _94758 |
|
| 730 | 0 |
_aKazaam (Motion picture) _94759 |
|
| 906 |
_a7 _bcbc _ccopycat _d3 _encip _f19 _gy-gencatlg |
||
| 942 |
_2lcc _cBK |
||
| 999 |
_c7928 _d7928 |
||